01478nab a22002417a 4500999001500000003000400015005001700019008004100036040000700077100003400084245012400118260004200242300001200284500003700296505056700333505008900900650002600989650003201015650002001047700003501067773012101102942001301223 c6552d6552OSt20260223141940.0190506c xxu||||| |||| 00| 0 spa d cPJ 97137aClark, Graciela Noemí10aArt. 277 LCT : bincidencia de la obligatoriedad del pago en juicio /cGraciela Noemí Clark, María Clarisa Baldoni. aBuenos Aires :bAbeledoPerrot,c2024. ap. 8-22 aCita: TR LALEY AR/DOC/1392/2024. aSumario: I. Un poco sobre este artículo.— II. El propósito legislativo.— III. El pago en juicio. Orden público. Protección de la propiedad de la persona que trabaja.— IV. La ratificación personal previa en pacto, desistimientos y acuerdos, protección de la disponibilidad del crédito de la persona que trabaja.— V. La realidad en la práctica.— VI. Breve análisis del tiempo y funcionamiento actual en algunos Departamentos Judiciales de la Pcia. de Bs. As.— VII. Una posible solución.— VIII. Conclusiones.— IX. Bibliografía. t¿Te interesa el texto completo? Comunicate al correo: koha@justierradelfuego.gov.ar 091316aDERECHO LABORAL 091514aPROCEDIMIENTO LABORAL 092095aSENTENCIA 95714aBaldoni, María Clarisa0 0275193202dBuenos Aires : AbeledoPerrot, 2013-tRevista de derecho laboral y seguridad social. Nº 13 - Julio 2024 2udccANA